书目信息 |
| 题名: |
阴晴圆缺:重说千古淫妇潘金莲
|
|
| 作者: | 阎连科 著 | |
| 分册: | ||
| 出版信息: | 北京 中国文学出版社 1999.01 |
|
| 页数: | 211页 | |
| 开本: | 32开 | |
| 丛书名: | ||
| 单 册: | ||
| 中图分类: | I247.5 | |
| 科图分类: | ||
| 主题词: | 小说--中国 | |
| 电子资源: | ||
| ISBN: | 7-5071-0497-4 | |
| 000 | 00586nam0 2200193 45 | |
| 001 | 0009120950 | |
| 005 | 20000912093151.8 | |
| 010 | @a7-5071-0497-4@d12.00元 | |
| 100 | @a20000912d1999 km y0chiy0120 ea | |
| 101 | 0 | @achi |
| 105 | @a z 000yy | |
| 200 | 1 | @a阴晴圆缺:重说千古淫妇潘金莲@AYin Qing Yuan Que:Zhong Shuo Qian Gu Yin Fu Pan Jin Lian@f阎连科著@FYan Lian Ke Zhu |
| 210 | @a北京@c中国文学出版社@d1999.01 | |
| 215 | @a211页@d32开 | |
| 606 | 0 | @a小说@x中国 |
| 690 | @aI247.5@v3 | |
| 701 | 0 | @a阎连科@4著 |
| 801 | @aCN@bPftUser@c20000912 | |
| 905 | @b135819-823@dI247.5@eY0921@f5 | |
| 阴晴圆缺:重说千古淫妇潘金莲/阎连科著.-北京:中国文学出版社,1999.01 |
| 211页;32开 |
| ISBN 7-5071-0497-4:12.00元 |
| ● |
| 相关链接 |
|
|
|
正题名:阴晴圆缺:重说千古淫妇潘金莲
索取号:I247.5/Y0921
 
预约/预借
| 序号 | 登录号 | 条形码 | 馆藏地/架位号 | 状态 | 备注 |
| 1 | 136819 | 201368199 | 文学库108/108文学库 39排10列2层/ [索取号:I247.5/Y0921] | 在馆 | |
| 2 | 136820 | 201368206 | 文学库108/ [索取号:I247.5/Y0921] | 在馆 | |
| 3 | 136821 | 201368215 | 社科二线422/422社科库 6排2列2层/ [索取号:I247.5/Y0921] | 在馆 |